| 000 | 01148nam0a22002891 4500 | ||
|---|---|---|---|
| 001 | RU\NLR\A1SV\58845 | ||
| 005 | 20251203171251.9 | ||
| 035 | _a(NLR Aleph) 009740801 | ||
| 090 |
_a9943043 _c9943043 |
||
| 100 | _a20080716d1924 u y0rusy50 ca | ||
| 101 | 0 | _arus | |
| 102 | _aRU | ||
| 200 | 1 |
_aОбзор сельского хозяйства в Полтавской губернии (по сообщениям райстатистиков и добровольных корреспондентов) за 1923 год _fПолтав. губ. стат. бюро |
|
| 210 |
_aПолтава _cГор. полиграфобъединение _d[1924] |
||
| 215 |
_aVI, 80, 58, [1]с., 11 л. картогр. _cтабл. _d26 см |
||
| 300 | _aПредисл.: зав. Полтав. губ. стат. бюро Г.Ротмистров | ||
| 620 | _dПолтава | ||
| 702 | 1 |
_aРотмистров _bГ. |
|
| 712 | 0 | 2 | _aПолтавское губ. стат. бюро |
| 801 | 0 |
_aRU _bNLR _c20080716 |
|
| 852 |
_aNLR _j17.165.3.57 |
||
| 852 |
_aNLR _j17.165.3.57а |
||
| 899 | _aРГБ | ||
| 942 | _cBOOK | ||
| 980 | _aNB | ||
| 980 | _aA1SV | ||